00642nam a22001457a 4500003000400000005001700004008004100021040001400062100002700076245017600103260001000279300002900289500014700318504003100465OSt20171010095440.0120608t xxu||||| |||| 00| 0 eng d aMMSUcULS aAgorilla, Charisse D.  aCommunication strategies in promoting residents' participation in the eco-solid waste management program in barangay santiago, Solsona, Ilocos Norte cCharisse D. Agorilla c2007  axiii, 48 leaves c28 cm. aThesis (BS Development Communication) -- Mariano Marcos State University-College of Agriculture, Food and Sustainable Development, Batac City  aBibliography: leaves 36-37